| 000 | 00395nam a2200157Ia 4500 | ||
|---|---|---|---|
| 008 | 230917s9999||||xx |||||||||||||| ||und|| | ||
| 040 |
_e199932 _aMAIN |
||
| 041 | _aEnglish | ||
| 082 | _a342.54 P192C(48) | ||
| 100 | _aPandey, J N | ||
| 245 | 0 | _aConstitutional Law of India | |
| 250 | _a48th ed. | ||
| 260 |
_aAllahabad _bCentral Law Agency _c2011 |
||
| 300 | _axlviii, 810 p. | ||
| 942 | _cBK | ||
| 999 |
_c169315 _d169315 |
||